00838nam a2200181Ia 4500003000900000008004100009040001600050080002400066100001900090111012500109245026600234260004800500300001300548650004100561650001600602650002300618650001500641IN-BaIIA211028s9999 xx 000 0 eng d cIIA Library a524.352(083.8)bSUP aSrinivasan, G. aAcademy Workshop on Supernova, their Progenitors and RemnantscRaman Research Institute, Bangalored1984 Oct. 29- Nov. 2 0aSupernova, their progenitors and remnantsbproceedings of the academy workshop on supernova, their progenitors and remnants, held in Raman Research Institute, Bangalore, October 29- November 2, 1984c G. Srinivasan  aBangalorebIndian Academy of Sciencesc1985 av, 178p. aAstronomy and astrophysics thesaurus aProgenitors aSupernova remnants aSupernovae